Análisis de las estructuras hidráulicas del Monumento Nacional Guayabo

محفوظ في:
التفاصيل البيبلوغرافية
المؤلف الرئيسي: Bonilla Brenes, José Ricardo
التنسيق: كتاب
منشور في: [San José], Costa Rica 2014
الموضوعات:
الوسوم: إضافة وسم
لا توجد وسوم, كن أول من يضع وسما على هذه التسجيلة!

MARC

LEADER 00000nam a22000007a 4500
003 012000
005 20221231143857.0
008 150223b2014 cr ||||| |||| 00| 0 s d
040 |c cru CEDI  
090 |a TFG 7166 
100 |9 257  |a Bonilla Brenes, José Ricardo  
245 |a  Análisis de las estructuras hidráulicas del Monumento Nacional Guayabo 
260 |a [San José], Costa Rica  |c  2014 
500 |a Proyecto de graduación (licenciatura en ingeniería civil)--Universidad de Costa Rica. Facultad de Ingeniería. Escuela de Ingeniería Civil 
650 |x ESTRUCTURAS HIDRAULICAS - EVALUACION   |x  MODELOS HIDRAULICOS  |x INGENIERÍA DE SUMINISTRO DE AGUA  |x  CANALES (INGENIERIA HIDRAULICA  |x  TRANSPORTE DE SEDIMENTOS  |x MUROS DE CONTENCION   |x  VARIABILIDAD DE PRECIPITACION   |z MONUMENTO ARQUEOLOGICO NACIONAL GUAYABO (TURRIALBA, CARTAGO, COSTA RICA)   |9 258 
942 |c TFG 
999 |c 13613  |d 13613